| 000 | 00711nam a2200241 4500 | ||
|---|---|---|---|
| 001 | 32937 | ||
| 010 | _a9789897390678 | ||
| 021 |
_aPT _b466428/20 |
||
| 090 | _a32937 | ||
| 100 | _a20200909d2020 m y0pory50030103ba | ||
| 101 | 0 | _apor | |
| 102 | _aPT | ||
| 200 | 1 |
_aSagrado feminino _fInês Gaya _gpref. Fátima Lopes |
|
| 205 | _a1ª. ed. | ||
| 210 |
_aPorto _cAlbatroz _d2020 |
||
| 215 |
_a287 p. _cil. _d25 cm |
||
| 675 |
_a159.923-055.2(035) _vBN _zpor |
||
| 675 |
_a133.2-055.2(035) _vBN _zpor |
||
| 700 |
_aGaya _bInês _94531 |
||
| 702 |
_aLopes _bFátima _f1969- _4080 _9350 |
||
| 801 | 0 |
_aPT _bBN _gRPC |
|
| 856 | 4 | 1 | _uhttp://rnod.bnportugal.gov.pt/ImagesBN/winlibimg.aspx?skey=&doc=2054502&img=142352&save=true |
| 990 | _cLIVROS | ||